000 01218nam a2200289 a 4500
001 BRCA_6839
005 20190320205619.0
008 081111s2010----mx-#######---#000-0#spa-#
020 _a9786071604507
041 _aspa
044 _amx
050 4 _aZ210
_b.G73 2010
100 1 _aGrañén Porrúa, María Isabel
_917057
245 1 0 _aLos grabados en la obra de Juan Pablos
_bprimer impresor de la Nueva España, 1539-1560
_cMaría Isabel Grañén Porrúa ; prólogo de Clive Griffin ; notas tipográficas de Juan Pascoe.
260 _aMéxico
_bFCE, ADABI
_c2010
300 _axxxiii, 255 p.
_bil. (algunas a color)
_c31 cm.
440 0 _aColección Tezontle
_917058
500 _aIncluye cronología de los grabados de Juan Pablos, índice de la tipografía utilizada por Juan Pablos, índice cronológico de los impresos de Pablos, siglas e índice de láminas
504 _aBibliografía: p. 231-255
600 1 4 _aPablos, Juan
_xvida y obra
_917059
650 1 4 _aImprenta
_ySiglo XVI
_zMéxico
_917060
650 1 4 _aIncunables
_ySiglo XVI
_zMéxico
_917061
650 1 4 _aLibros
_ySiglo XVI
_zMéxico
_917062
700 1 _aGriffin, Clive
_epról.
_917063
700 1 _aPascoe, Juan
_enotas
_917064
942 _2lcc
_cB
999 _c6522
_d6522